000 02365nam0a2200385 4500
001 RU\NLR\bibl\2080745
005 20260407140158.0
020 _aRU
_b143[246]
_9ЛЕНИНГРАД В ВЕЛИКОЙ ОТЕЧЕСТВЕННОЙ ВОЙНЕ: Печать Ленинграда, 1941 - 1945: каталог изданий, хранящихся в фондах Государственной Публичной библиотеки, вып.2. Листовки,плакаты,открытки,альбомы/Гос.публ.б-ка им.М.Е.Салтыкова-Щедрина. - Ленинград,1972
035 _a(NLR Aleph) 002065515
090 _a4700803
_c4700803
100 _a20250810 rusy50
101 0 _arus
102 _aRU
105 _ay z |||||
200 1 _aБюллетень для печатных газет соединений и кораблей КБФ и для местного радиовещания
_fПолит. упр. Краснознам. Балт. флота
_gотв. ред.: Е. Ковалерчук
_hN° 246
_iОрлиное гнездо
_fУспенский Л.В.
210 _a[Ленинград]
_d1943, окт., 15
215 _a2 л., слож. в 2 с. в 2 стб.
_d21х12
300 _aВ части номеров загл.: Бюллетень для печатных газет соединений и кораблей
327 1 _aИз истории Кронштадта
500 0 0 _6z33702
_aОрлиное гнездо
540 1 _aИз истории Кронштадта
606 1 _aБлокада Ленинграда
_jЛистовки
_z1941 - 1944
_92077679
_3RU\NLR\AUTH\661253360
686 _aТ3(2)722.721,011
702 1 _aКовалерчук
_bЕ.
_4070
702 1 _4070
_7ca
_8rus
_aУспенский
_bЛ. В.
_cписатель
_f1900-1978
_gЛев Васильевич
_914251
_3RU\NLR\auth\7731241
711 0 2 _aБалтийский флот
_9508449
_3RU\NLR\AUTH\8810005535
712 0 2 _4570
_aБалтийский флот
_bПолитическое управление
_9508529
_3RU\NLR\AUTH\8810005574
801 0 _aRU
_bNLR
_c19720101
_gPSBO
801 1 _aRU
_bNLR
_c20131010
_gRCR
852 _aNLR
_bЛ3-330л
_j7/2-32-1943(246)
942 _cBOOK
945 _aРоссийская национальная библиотека
980 _aNB
980 _aBV